000 00539nam a2200205Ia 4500
003 OSt
005 20220918105431.0
006 a|||||r|||| 00| 0
007 ta
008 220915b |||||||| |||| 00| 0 eng d
024 _a94,075
037 _cReference Collections
040 _aARTS
_cARTS
_beng
041 _2eng
_aeng
082 _aT4t2.N66, K6(RR)
245 0 _aReport of the review committee on education
260 _c1966
942 _hT4t2.N66, K6(RR)
_cREF
999 _c107171
_d107171